| 000 | 00547nam a2200193Ia 4500 | ||
|---|---|---|---|
| 008 | 191130s2004##################000#0#eng## | ||
| 020 | _a9781844570546 | ||
| 040 |
_aACL _cACL |
||
| 082 | _a791.43658 PID | ||
| 100 | _aPidduck, Julianne | ||
| 245 |
_aContemporary costume film : space, place and the past _cJulianne Pidduck |
||
| 260 |
_aLondon _bBFI Publishing _c2004 |
||
| 300 | _a188 : ill. ; 22 cm | ||
| 500 | _aIncludes Index | ||
| 650 | _aCostume | ||
| 990 | _aca1c08bfac10000c41b08ab2d04d94ca | ||
| 991 | _a360800 | ||
| 999 |
_c138009 _d138009 |
||